Workman and the franchise (Record no. 560260)

MARC details
000 -LEADER
fixed length control field 00728nam a2200241Ia 4500
003 - CONTROL NUMBER IDENTIFIER
control field OSt
005 - DATE AND TIME OF LATEST TRANSACTION
control field 20220925212407.0
008 - FIXED-LENGTH DATA ELEMENTS--GENERAL INFORMATION
fixed length control field 220923b |||||||| |||| 00| 0 eng d
037 ## - SOURCE OF ACQUISITION
Terms of availability General Book
040 ## - CATALOGING SOURCE
Original cataloging agency RTL
Transcribing agency RTL
Language of cataloging eng
041 ## - LANGUAGE CODE
Source of code eng
Language code of text/sound track or separate title eng
100 ## - MAIN ENTRY--PERSONAL NAME
Personal name Maurice Frederick D
9 (RLIN) 276757
245 #0 - TITLE STATEMENT
Title Workman and the franchise
Remainder of title Chapters from English h
260 ## - PUBLICATION, DISTRIBUTION, ETC.
Place of publication, distribution, etc. London
Name of publisher, distributor, etc. Alexander Strahan
Date of publication, distribution, etc. 1866
300 ## - PHYSICAL DESCRIPTION
Extent xvi, 244p
Dimensions cm.
490 ## - SERIES STATEMENT
Series statement Reprints of Economic Classics
650 ## - SUBJECT ADDED ENTRY--TOPICAL TERM
Topical term or geographic name entry element Constitution Great Britain
9 (RLIN) 231188
942 ## - ADDED ENTRY ELEMENTS (KOHA)
Classification part V3:55(X:9).M, A
Koha item type General Books
Source of classification or shelving scheme Colon Classification (CC)
Holdings
Withdrawn status Lost status Damaged status Not for loan Home library Current library Date acquired Total Checkouts Full call number Barcode Date last seen Price effective from Koha item type
        Ratan Tata Library Ratan Tata Library 2022-09-25   V3:55(X:9).M A RT0067453 2022-09-25 2022-09-25 General Books
Copyright @ Delhi University Library System